000 00492nam a2200157 a 4500
001 11199
005 20180713195342.0
008 140415s1981 mx 000 0 spa d
041 _aspa
082 _a980
_bCLA
245 0 0 _aCLASES SOCIALES Y CRISIS POLITICA EN AMERICA LATINA :
_bSEMINARIO DE OAXACA
250 _a3a ed.
260 _aMEXICO :
_bSIGLO VEINTIUNO EDITORES,
_c1981
300 _a454
650 1 4 _aAMERICA LATINA
_xCONDICIONES SOCIALES
_xAMERICA LATINA
_xPOLITICA
999 _c11199
_d11199